El silbido de vientos lejanos : poesía reunida /

Bibliographic Details
Main Author: Vera, Edith, 1925-2003 (Author)
Format: Electronic eBook
Language:Spanish
Published: Villa María, Córdoba, Argentina : [Argentina] : Eduvim ; Caballo negro editora, 2022.
Series:Colección En obra (Caballo Negro Editora)
Subjects:
Online Access:Digitalia Hispánica

MARC

LEADER 00000nam a2200000Ii 4500
001 DIGEDUV0311
003 NyNyDIG
006 m o d
007 cr |||||||||||
008 240901s2022 ag o 000 p spa d
035 |a (OCoLC)1454786081 
040 |a DGITA  |b eng  |e rda  |e pn  |c DGITA 
020 |a 9789876997089  |q eBook 
020 |z 9789876997041 
050 1 4 |a PQ7798.32.E652 ebook 
100 1 |a Vera, Edith,  |d 1925-2003,  |e author. 
245 1 3 |a El silbido de vientos lejanos :  |b poesía reunida /  |c Edith Vera. 
264 1 |a Villa María, Córdoba, Argentina :  |b Eduvim ;  |a [Argentina] :  |b Caballo negro editora,  |c 2022. 
300 |a 1 online resource. 
336 |a text  |b txt  |2 rdacontent 
337 |a computer  |b c  |2 rdamedia 
338 |a online resource  |b cr  |2 rdacarrier 
347 |a text file  |2 rdaft 
347 |b EPUB 
490 1 |a Colección En obra 
588 0 |a Online resource; title from ePub title page (Digitalia, viewed September 1, 2024) 
655 7 |a Poetry.  |2 lcgft 
776 0 8 |i Print version:  |a Vera, Edith, 1925-2003.  |t Silbido de vientos lejanos.  |d Villa María, Córdoba, Argentina : Eduvim ; [Argentina] : Caballo negro editora, 2022  |z 9789876997041 
791 2 |a Digitalia (Firm),  |e distributor. 
793 0 |g Digitalia eBook Collection:  |a Ediciones Eduvim 
830 0 |a Colección En obra (Caballo Negro Editora) 
856 4 0 |3 Digitalia Hispánica  |u https://www.digitaliapublishing.com/a/158324/ 
910 |a Premium collection: 2024